Get The Picture: Kofi Annan or Kofi Kingston? Quiz Stats

 Plays Quiz not verified by Sporcle

Score 0/12 Timer 02:00
0 Plays Today
Question Answer Wrong Answers
Awarded the 2001 Nobel Peace Prize (along with the UN) for 'their work for a better organised and more peaceful world' Kofi Annan
96.1%
Kofi Kingston
1.7%
Member of the tag team, The New Day along with Big E and Xavier Woods Kofi Kingston
95.8%
Kofi Annan
1.4%
Well-known for innovative ways of surviving elimination during Royal Rumble matches Kofi Kingston
95.8%
Kofi Annan
1.7%
Defeated Daniel Bryan at Wrestlemania 35 to become the first-ever African-born WWE Champion Kofi Kingston
95.6%
Kofi Annan
1.3%
Won four Intercontinental and three United States Championships Kofi Kingston
95%
Kofi Annan
2.6%
Holds the singular record for most days spent as a Tag Team Champion within WWE Kofi Kingston
94.9%
Kofi Annan
2.1%
Served as Secretary-General of the United Nations Kofi Annan
94.8%
Kofi Kingston
2.5%
Former chairman of The Elders, an international organisation founded by Nelson Mandela Kofi Annan
94.6%
Kofi Kingston
2.2%
Handed over authority of Timor-Leste to the president of the newly independent island in 2002 Kofi Annan
94%
Kofi Kingston
2.9%
Founded a non-for-profit organisation which promotes better global governance and strengthen the capacities of people and countries to achieve a fairer, more peaceful world Kofi Annan
90.3%
Kofi Kingston
6.7%
His father was a chief and governor of the Ashanti province in Ghana Kofi Annan
75.4%
Kofi Kingston
22.2%
Birth name is Kofi Nahaje Sarkodie-Mensah Kofi Kingston
64.1%
Kofi Annan
33.2%

You're not logged in!

Compare scores with friends on all Sporcle quizzes.
OR
Log In

Sporcle TV

Today on Sporcle TV


Watch our educational content, quiz creation guides, and fun videos on Sporcle TV.

Show Comments

Extras

Top Quizzes Today


Score Distribution

Your Account Isn't Verified!

In order to create a playlist on Sporcle, you need to verify the email address you used during registration. Go to your Sporcle Settings to finish the process.

Report this User

Report this user for behavior that violates our Community Guidelines.

Details: